| 000 | 00995nam a2200265 4500 | ||
|---|---|---|---|
| 003 | DO-SdBNP | ||
| 005 | 20220916103319.0 | ||
| 007 | ta | ||
| 008 | 220425b2018 dr a|||| |||| 00| 0 spa d | ||
| 040 |
_aDO-SdBNP _bspa _cBNPHU |
||
| 082 | 4 |
_a929.2 _bV162b, 2018 _222 |
|
| 100 | 1 |
_aValera Valdez, Vetilio Manuel, _d1955- _951356 |
|
| 245 | 1 | 0 |
_aBaní : _braíces históricas genealogía de familias Banilejas / _cVetilio Manuel Valera Valdez ; prólogo Héctor Colombino Perelló. |
| 250 | _a2a ed. ampliada y corregida | ||
| 260 |
_aSanto Domingo : _bTaller, _c2018. |
||
| 300 |
_a509 p. ; _c28 cm. |
||
| 500 | _aIncluye datos biográficos del autor en la contracubierta | ||
| 590 | _aInventariado, 2019/BT | ||
| 650 | 4 |
_aParentesco _92156 |
|
| 651 | 4 |
_aBaní (República Dominicana{Rpara} _xGenealogía _951357 |
|
| 651 | 4 |
_aRepública Dominicana _xGenealogía _92157 |
|
| 700 | 1 |
_aColombino Perelló, Héctor, _epról. _925851 |
|
| 910 | _aValidado. Control de calidad. MFF | ||
| 942 |
_2ddc _cLBS1 |
||
| 999 |
_c51573 _d51573 |
||